000 00888nam a22001937a 4500
003 BUBTL
008 190824b xxu||||| |||| 00| 0 eng d
020 _a9847000800275
082 _a954.92/ C4595r/ 2014
100 _92377
_aচৌধুরী, গিয়াস উদ্দিন আ.
245 _aরণাঙ্গন :
_bরাজশাহী-বগুড়া /
_cগিয়াস উদ্দিন আ.চৌধুরী
260 _aDhaka:
_bCenter For Bangladesh Liberation War Studies,
_cc2014
300 _a132 p.:
_c24 cm.
505 _aরণাঙ্গন, রাজশাহী-বগুড়া, গিয়াস উদ্দিন আ.চৌধুরী, মুক্তিযুদ্ধ, Liberation War
650 0 _91755
_aমুক্তিযুদ্ধ
856 _k0
_l0
_yDownload
942 _2ddc
_cBK
999 _c6099
_d6099